00587nam a2200193Ia 450000500170000000800410001702000180005804100120007608200170008810000200010524500940012525000120021926000330023130000200026444000510028465000130033565000220034870000230037020260429112138.0260429s9999||||xx |||||||||||||| ||und|| a9781032872810 aEnglish a910.684bPIC aPickel, Mark L. 0aCultural heritage tourism leadership : bperspectives on human dignity / cMark L. Pickel a1st ed. aLondon : bRoutledge,c2025. axx, 235 p.; pbk aRoutledge cultural heritage and tourism series a Tourism aCultural heritage aTimothy, Dallen J.